Podniky si rozhodnou samy. Skončí diletantství v technickém a investičním rozvoji?
Rozhodujúcu úlohu v technickej a štruktúrnej prestavbe zohrá podniková sféra, ako aj sféra projektová a sféra prípravy investícií. Skúmanie otázky, ako je podniková a prípadne projektová sféra na túto úlohu pripravená a informačne zabezpečená.
Enregistré dans:
| Auteur principal: | |
|---|---|
| Format: | Chapitre de livre |
| Langue: | tchèque |
| Sujets: | |
| Tags: |
Pas de tags, Soyez le premier à ajouter un tag!
|
MARC
| LEADER | 00000naa a2200000 4500 | ||
|---|---|---|---|
| 001 | r001075 | ||
| 005 | 20220819175639.8 | ||
| 041 | 0 | |a cze | |
| 044 | |a [CS] | ||
| 245 | 1 | 0 | |a Podniky si rozhodnou samy. |b Skončí diletantství v technickém a investičním rozvoji? |c Josef Komárek |
| 520 | |a Rozhodujúcu úlohu v technickej a štruktúrnej prestavbe zohrá podniková sféra, ako aj sféra projektová a sféra prípravy investícií. Skúmanie otázky, ako je podniková a prípadne projektová sféra na túto úlohu pripravená a informačne zabezpečená. | ||
| 610 | 2 | 0 | |a zmeny štruktúrne |
| 610 | 2 | 0 | |a rozvoj investičný |
| 610 | 2 | 0 | |a podnik |
| 610 | 2 | 0 | |a projektovanie |
| 610 | 2 | 0 | |a zabezpečenie informačné |
| 100 | 1 | |a Komárek, Josef | |